Geresom Ilukor Soroti: Who and Deeds, the Autobiography (Record no. 14021)

MARC details
000 -LEADER
fixed length control field 00642nam a22001697a 4500
008 - FIXED-LENGTH DATA ELEMENTS--GENERAL INFORMATION
fixed length control field 170511b xxu||||| |||| 00| 0 eng d
020 ## - ISBN
International Standard Book Number 9780952676751
050 ## - LIBRARY OF CONGRESS CALL NUMBER
Classification Number BX 9225
Item Number .S6 2014
100 ## - MAIN ENTRY--Author
Personal name Ilukor, Geresom
245 ## - TITLE
Title Geresom Ilukor Soroti: Who and Deeds, the Autobiography
260 ## - PUBLICATION, DISTRIBUTION, ETC.(IMPRINT)
Place of publication, distribution, etc Lance:
Name of publisher, distributor, etc Sue White Secretarial Services,
Date of publication, distribution, etc 2014.
300 ## - PHYSICAL DESCRIPTION
Extent 76 pages
Other physical details illustrations (black and white, and colour), portraits (black and white, and colour)
Dimensions 21 cm
650 ## - SUBJECT--TOPIC
Topical term or geographic name as entry element Ilukor, Geresom,
Chronological subdivision 1935-2013.
650 ## - SUBJECT--TOPIC
Topical term or geographic name as entry element Bishops
Geographic subdivision Uganda
General subdivision Biography.
700 ## - ADDED ENTRY--PERSONAL AUTHOR
Personal Name Swarbrick, Elizabeth
Relator term (editor and translator)
942 ## - ADDED ENTRY ELEMENTS(KOHA)
Source of classification or shelving scheme Library of Congress Classification
Koha item type Books
Holdings
Source of classification or shelving scheme Use Restrictions Not for loan Location (home branch) Sublocation (holding branch) Shelving Location Date accessioned Full call number Barcode Koha item type
Library of Congress Classification Restricted Access Not For Loan Jesuit Historical Institute in Africa Jesuit Historical Institute in Africa General Stacks 11/05/2017 BX 9225 .S6 2014 18192 Books